000 00788nam a2200265Ia 4500
003 OSt
005 20220924130934.0
006 a|||||r|||| 00| 0
007 ta
008 220923b |||||||| |||| 00| 0 san d
024 _a202418
037 _cTextual
040 _aARTS
_cARTS
_bsan
041 _2san
_asan
082 _aR6946x1,1, 15N4
100 _aMaitreya
_9200904
245 0 _aMadhyanta vibhaga sastra with bhashya of vasubandhu and tika by sthiramati
260 _aVaranasi
_bBauddha Bharati
_c1994
300 _a84p
_ccm.
490 _aBauddha bharat series 32
650 _aPHILOSOPHY
700 _a Dwarikadas Sastri Tr.
_9200905
942 _hR6946x1,1, 15N4
_cTEXL
_2CC
999 _c425685
_d425685